000 00762cam a22002533a 4500
001 14342
003 PGUSA
005 20140828083316.0
008 041213s2004||||xxu|||||s|||||000 | eng d
040 _aPGUSA
_beng
042 _adc
050 4 _aDA
100 1 _aPlunkett, Horace Curzon,
_cSir,
_d1854-1932
245 1 0 _aIreland In The New Century
_h[electronic resource] /
_cHorace Curzon, Plunkett
260 _bProject Gutenberg,
_c2004
506 _aPublic domain in the USA.
516 _aElectronic text
653 _aIreland -- Politics and government -- 1901-1910
653 _aIreland -- Economic conditions
653 _aIrish question
830 0 _aProject Gutenberg
_v14342
856 4 0 _uhttp://www.gutenberg.org/ebooks/14342
942 _cEB
999 _c243597
_d243597